000 00952nam a2200301 a 4500
001 24907
003 CO-ViMGA
008 141112s2004 ck r 000 u spa d
020 _a9789588787039
040 _aCO-ViMGA
_bspa
_cCO-ViMGA
041 _aSPA
090 _aA RAM3
100 1 _aRamos, Mario, 1958 -
_937331
245 1 0 _aSoy el más fuerte! /
_cMario Ramos ; traducción Rafael Ros
250 _a1a ed.
260 _aBogotá :
_bCorimbo; Monserrate,
_c2012
300 _a22 p. : il. col. : il.
500 _aTítulo original : C'est moi le plus fort
650 1 4 _aAUTORES BELGAS
_937332
650 1 4 _aDESDE LOS 3 AÑOS
_937333
650 1 4 _aILUSTRADORES BELGAS
_937334
650 1 4 _aLITERATURA INFANTIL BELGA
_937335
650 1 4 _aLOBOS - LIBROS DE IMAGENES
_937336
650 1 4 _aPERSONAJES LITERARIOS - LIBROS DE IMAGENES
_937337
700 1 _aRamos, Mario, 1958 -
_937331
700 1 _aRos, Rafael
_937338
942 _2ddc
_cBK
999 _c2542
_d2542